000 01019nam a22003137a 4500
003 CHAP
005 20220817041818.0
008 971013s1972 r 00010 d
010 _a25296
011 _a26268
035 _a30368
040 _cCHAP
082 _a631.6
_bI5Y
110 _aInstituto Internacional de Rescate y Mejoramiento Técnico de Tierras
_959234
245 _aPrincipios y aplicaciones del drenaje
260 _aWageningen :
_bEl Instituto,
_c1972-74
300 _a4 v.
_b: ilus
490 _aPublicación
_v; 16
500 _aLa biblioteca tiene: v.4 Diseño y manejo de los sistemas de drenaje
590 _aBATCH-UPD
_b10
_c20130110
_lUCH01
_h1330
590 _aBATCH-UPD
_b10
_c20130410
_lUCH01
_h0836
590 _aBATCH-UPD
_b10
_c20130914
_lUCH01
_h1221
590 _aCONVERSION
_b10
_c20130109
_lUCH01
_h1315
650 1 4 _aDrenaje.
_934190
830 0 _aPublicación
_v; 16
901 _aBK
942 _cLIBRO
949 _a631.6 I5y v.4
_bBC
_cLIBRO
_d33724000091062
_eLIBRO
_h72754
_i30368
_si
999 _c25296
_d25296